000 00685nam a22002297a 4500
005 20231030095958.0
008 141202b xxu||||| |||| 00| 0 eng d
020 _a0198092245
_c625.00
040 _aLoreto College
082 _a954
_bBOS
100 _aBose,Sugata
245 _aModern South Asia
_bHistory,culture,political economy
_cSugata Bose and Ayasha Jalal
250 _a3rd ed
260 _aNew Delhi
_bOxford University Press
_c2014
300 _axvii,274p
_b22cm
504 _aIncludes bibliographical references and index
650 _aSouth Asia-History
650 _aSouth Asia-Political economy
700 _4Auth
_aJalal,Ayesha
850 _aLCLIB
942 _cBK
999 _c39665
_d90144